[Event "Montigny le Bretonneux op 17th"]
[Site "Montigny le Bretonneux"]
[Date "2013.05.20"]
[Round "8"]
[White "Mundell, Peter"]
[Black "Olichon, Gaetan"]
[Result "1-0"]
[WhiteElo "1927"]
[BlackElo "1630"]
[PlyCount "61"]
[EventDate "2013.05.18"]
[EventType "swiss"]
[EventRounds "9"]
[EventCountry "FRA"]
[SourceTitle "EXT 2014"]
[Source "ChessBase"]
[SourceDate "2013.11.20"]
[SourceVersion "1"]
[SourceVersionDate "2013.11.20"]
[SourceQuality "1"]

1. d4 Nf6 2. Nf3 d5 3. Bf4 Bf5 4. Nbd2 e6 5. e3 Bd6 6. Ne5 0-0 7. h3 Bxe5 8. dxe5 Ne4 9. Be2 Nd7 10. Nf3 f6 11. exf6 Qxf6 12. c3 c6 13. Qd4 Qxd4 14. cxd4 Rac8 15. 0-0 h6 16. Rac1 g5 17. Bh2 Bg6 18. Ne5 Nxe5 19. Bxe5 c5 20. dxc5 Nxc5 21. Bd6 Bd3 22. Bxf8 Bxe2 23. Rfe1 Rxf8 24. Rxc5 Ba6 25. Rec1 Rf7 26. Rc8+ Kg7 27. R8c7 Kf6 28. Rxf7+ Kxf7 29. Rc7+ Kf6 30. b4 Kg6 31. a4 1-0

[Event "Montigny le Bretonneux op 17th"]
[Site "Montigny le Bretonneux"]
[Date "2013.05.18"]
[Round "5"]
[White "Stonner, Martin"]
[Black "Olichon, Gaetan"]
[Result "0-1"]
[WhiteElo "1440"]
[BlackElo "1630"]
[PlyCount "80"]
[EventDate "2013.05.18"]
[EventType "swiss"]
[EventRounds "9"]
[EventCountry "FRA"]
[SourceTitle "EXT 2014"]
[Source "ChessBase"]
[SourceDate "2013.11.20"]
[SourceVersion "1"]
[SourceVersionDate "2013.11.20"]
[SourceQuality "1"]

1. d4 Nf6 2. c4 e6 3. a3 b6 4. Nc3 Bb7 5. e3 d5 6. cxd5 Nxd5 7. Nf3 Nxc3 8. bxc3 Bd6 9. Bd3 Nd7 10. 0-0 e5 11. e4 0-0 12. Qb3 c5 13. d5 c4 14. Bxc4 Nc5 15. Qc2 Qf6 16. Re1 Rac8 17. Bd3 h6 18. a4 Rc7 19. a5 Rfc8 20. Bb2 g5 21. a6 Ba8 22. Nd2 Nxd3 23. Qxd3 Qf4 24. g3 Qg4 25. Rec1 f5 26. f3 Bc5+ 27. Kg2 Qh5 28. d6 Rd7 29. Qc4+ Qf7 30. Qxf7+ Kxf7 31. Nc4 Bxd6 32. Nxd6+ Rxd6 33. Rd1 Rcd8 34. Rxd6 Rxd6 35. Ba3 Rd2+ 36. Kh3 fxe4 37. fxe4 Bxe4 38. Re1 Bg2+ 39. Kg4 Kg6 40. Rxe5 h5# 0-1